[Event "Bundesliga"]
[Site "Dresden GER"]
[Date "2012.03.18"]
[EventDate "2011.10.14"]
[Round "13"]
[Result "1/2-1/2"]
[White "Gawain Jones"]
[Black "Bartosz Socko"]
[WhiteElo "2624"]
[BlackElo "2628"]
[PlyCount "69"]

1. e4 c5 2. c3 e6 3. d4 d5 4. exd5 exd5 5. Nf3 Nc6 6. Bb5 Bd6
7. dxc5 Bxc5 8. O-O Ne7 9. Nbd2 O-O 10. Nb3 Bb6 11. Re1 Bg4
12. Be3 Re8 13. a4 a6 14. Bd3 Ng6 15. Bxb6 Qxb6 16. Rxe8+ Rxe8
17. a5 Qd8 18. h3 Bxf3 19. Qxf3 Nge5 20. Qd1 Nxd3 21. Qxd3 Re7
22. Nd4 Nxd4 23. Qxd4 g6 24. b4 Re4 25. Qd2 Qf6 26. Rd1 Qf5
27. f3 Re5 28. Re1 h5 29. Rxe5 Qxe5 30. Kf2 h4 31. Qe3 Qf5
32. Qd4 Qc2+ 33. Kf1 Qc1+ 34. Ke2 Qc2+ 35. Kf1 1/2-1/2

[Event "13th European Individual Championship"]
[Site "Plovdiv BUL"]
[Date "2012.03.20"]
[EventDate "2012.03.20"]
[Round "1.60"]
[Result "1-0"]
[White "Gawain Jones"]
[Black "Robert Kreisl"]
[WhiteElo "2635"]
[BlackElo "2400"]
[PlyCount "113"]

1. e4 c6 2. Nc3 d5 3. Nf3 dxe4 4. Nxe4 Nf6 5. Nxf6+ exf6 6. h3
Bd6 7. d4 O-O 8. Be2 Re8 9. O-O Nd7 10. c4 Nf8 11. Bd3 Ng6
12. Qb3 Nf4 13. Bxf4 Bxf4 14. Rfe1 Rxe1+ 15. Rxe1 g6 16. c5
Be6 17. Qxb7 Bd5 18. Be4 Rb8 19. Qxa7 Rxb2 20. Bxd5 Qxd5
21. Qe7 Kg7 22. Qe4 Qxe4 23. Rxe4 Bc7 24. Re7 Bb8 25. Re8 Bc7
26. Re7 Bb8 27. g3 Kf8 28. Re3 Rxa2 29. Rb3 Bc7 30. Rb7 Bd8
31. g4 Ke8 32. Kf1 Ra1+ 33. Kg2 Ra4 34. h4 h5 35. gxh5 gxh5
36. Kf1 Ra1+ 37. Ke2 Ra2+ 38. Ke3 Ra3+ 39. Ke4 Ra2 40. Ke3
Ra3+ 41. Ke4 Ra2 42. d5 f5+ 43. Ke5 Rxf2 44. Nd4 cxd5 45. Rb8
Kd7 46. c6+ Ke7 47. Nxf5+ Rxf5+ 48. Kxf5 Bc7 49. Rh8 Kd6
50. Rxh5 Kxc6 51. Rh8 d4 52. Ke4 d3 53. Kxd3 Kd7 54. h5 Be5
55. Ra8 Bg7 56. Ra6 Ke7 57. h6 1-0

[Event "13th European Individual Championship"]
[Site "Plovdiv BUL"]
[Date "2012.03.21"]
[EventDate "2012.03.20"]
[Round "2"]
[Result "0-1"]
[White "Dan Zoler"]
[Black "Gawain Jones"]
[WhiteElo "2541"]
[BlackElo "2635"]
[PlyCount "148"]

1. d4 Nf6 2. c4 g6 3. g3 Bg7 4. Bg2 O-O 5. Nc3 d6 6. Nf3 Nc6
7. O-O Rb8 8. Re1 a6 9. Rb1 Na5 10. Qa4 b6 11. c5 Bd7 12. Qa3
Nc4 13. Qxa6 b5 14. Nh4 dxc5 15. dxc5 c6 16. Bxc6 Qc7 17. Bxd7
Nxd7 18. Nd5 Qxc5 19. Qc6 Qa7 20. Nxe7+ Kh8 21. Qg2 Rbe8
22. Bg5 Qc5 23. Qd5 Qxd5 24. Nxd5 Re5 25. Be7 Rxd5 26. Bxf8
Nxf8 27. b3 Na3 28. Rbd1 Rc5 29. Rc1 Bc3 30. Red1 b4 31. Rd8
Kg7 32. Nf3 Ne6 33. Rd7 g5 34. h3 h5 35. Rcd1 Bf6 36. Rb7 Nb5
37. e3 Kg6 38. Kg2 Nc3 39. Rd2 Ne4 40. Re2 Bc3 41. Ra7 Rd5
42. a3 bxa3 43. Rxa3 N6c5 44. Rc2 g4 45. hxg4 hxg4 46. Nh4+
Kg7 47. f3 Nd3 48. Re2 gxf3+ 49. Nxf3 Rd6 50. Ra4 Bb4 51. Nd4
Rg6 52. Ra7 Ne1+ 53. Kh2 Rh6+ 54. Kg1 Nxg3 55. Rh2 Rg6 56. Kf2
Nd3+ 57. Kg1 Bd6 58. Rg2 Be5 59. Nf3 Bd6 60. Rd7 Nc1 61. Rxd6
Nce2+ 62. Kf2 Ne4+ 63. Kf1 N2g3+ 64. Ke1 Rxd6 65. Nd4 Kf8
66. Ra2 Rh6 67. Ra8+ Kg7 68. Kd1 Rh2 69. b4 Nc3+ 70. Ke1 Nge4
71. Kf1 Nd5 72. Kg1 Rb2 73. b5 Nxe3 74. Re8 Rg2+ 0-1

[Event "13th European Individual Championship"]
[Site "Plovdiv BUL"]
[Date "2012.03.22"]
[EventDate "2012.03.20"]
[Round "3"]
[Result "1-0"]
[White "Gawain Jones"]
[Black "Vladimir Fedoseev"]
[WhiteElo "2635"]
[BlackElo "2548"]
[PlyCount "113"]

1. e4 e6 2. d4 d5 3. Nd2 c5 4. Ngf3 cxd4 5. Nxd4 a6 6. Bd3 Nf6
7. e5 Ng8 8. Qg4 Qc7 9. N2f3 Nd7 10. Bf4 Nc5 11. O-O Ne7
12. Rfe1 Bd7 13. Rad1 b5 14. Qh5 h6 15. Bf1 Ng6 16. Bc1 Be7
17. Nb3 b4 18. Nxc5 Bxc5 19. Bd3 Ne7 20. Qg4 g6 21. Be3 Bb5
22. Bxc5 Qxc5 23. Nd4 Bxd3 24. cxd3 Rc8 25. Qf4 Qb6 26. Rc1
O-O 27. h4 g5 28. hxg5 Rxc1 29. Rxc1 Ng6 30. Qe3 hxg5 31. g3
g4 32. Kg2 Rb8 33. Kf1 a5 34. Ke2 a4 35. Nc6 Qxe3+ 36. Kxe3
Rb7 37. Rc5 b3 38. a3 Kg7 39. Kd4 Rc7 40. Nb4 Ra7 41. Rc1 Kh6
42. Rc8 Ne7 43. Rc5 Nf5+ 44. Kc3 Ra8 45. d4 Kg5 46. Rc7 f6
47. Nd3 fxe5 48. dxe5 Nh6 49. Nf4 Re8 50. Kd3 Kf5 51. Rh7 Kg5
52. Ke3 Nf5+ 53. Kd2 Nh6 54. Kd3 Ra8 55. Nxe6+ Kg6 56. Rg7+
Kf5 57. Nd4+ 1-0

[Event "Bundesliga"]
[Site "Muelheim GER"]
[Date "2012.04.15"]
[EventDate "2011.10.14"]
[Round "15"]
[Result "1/2-1/2"]
[White "Alexander Berelowitsch"]
[Black "Gawain Jones"]
[WhiteElo "2563"]
[BlackElo "2624"]
[PlyCount "126"]

1. e4 c5 2. Nf3 d6 3. d4 cxd4 4. Nxd4 Nf6 5. Nc3 g6 6. Be2 Bg7
7. O-O O-O 8. Re1 Nc6 9. Nb3 Be6 10. Bg5 Rc8 11. Bf1 h6
12. Bh4 Ne5 13. Qd2 g5 14. Bg3 Nh5 15. Nd5 Bxd5 16. exd5 Qb6
17. Bxe5 Bxe5 18. c4 Nf6 19. g3 a5 20. Rad1 a4 21. Nd4 Bxd4
22. Qxd4 Qxd4 23. Rxd4 Rc7 24. Re3 Ra8 25. Kg2 Ra6 26. Be2 Rb6
27. Rd2 Kf8 28. f4 g4 29. h3 h5 30. hxg4 hxg4 31. Kf2 Rb4
32. b3 Rc5 33. Ke1 Ra5 34. Rb2 axb3 35. Rbxb3 Raa4 36. Kd1 Ke8
37. Kc1 Rxb3 38. axb3 Ra1+ 39. Kd2 Rg1 40. b4 Nh5 41. Bxg4
Nxg3 42. Bh3 Nf1+ 43. Bxf1 Rxf1 44. Re4 f5 45. Rd4 b6 46. Kc3
Rf3+ 47. Rd3 Rxf4 48. Rh3 Re4 49. Rf3 Re5 50. Kb3 e6 51. dxe6
Ke7 52. Kc3 Kxe6 53. Rh3 f4 54. Rh6+ Ke7 55. Kd4 f3 56. Rh2
Rf5 57. Ke3 Ke6 58. Rc2 Ke5 59. c5 d5 60. c6 d4+ 61. Kf2 Rf8
62. c7 Rc8 63. Rc6 b5 1/2-1/2

[Event "Italian Team Championships"]
[Site "Arvier ITA"]
[Date "2012.05.01"]
[EventDate "?"]
[Round "7"]
[Result "1-0"]
[White "Gawain Jones"]
[Black "Petar Genov"]
[WhiteElo "2635"]
[BlackElo "2463"]
[PlyCount "137"]

1. e4 c6 2. d4 d5 3. exd5 cxd5 4. c4 Nf6 5. Nc3 e6 6. Nf3 Be7
7. cxd5 exd5 8. Ne5 O-O 9. Bd3 b6 10. O-O Bb7 11. Re1 a6
12. Qf3 Nc6 13. Be3 Re8 14. Qh3 g6 15. Rad1 Qc8 16. Nxc6 Bxc6
17. Qxc8 Rexc8 18. Bg5 Bd8 19. Bc2 Nh5 20. Bc1 Bc7 21. Bb3 Rd8
22. Bg5 Rd7 23. g3 Kg7 24. Rc1 h6 25. Be7 Bd8 26. Ba3 Bf6
27. Ne4 dxe4 28. Rxc6 Bxd4 29. Rxe4 Nf6 30. Re2 Re8 31. Rcc2
Rxe2 32. Rxe2 Rc7 33. Kg2 a5 34. Rd2 Bc5 35. Rc2 Ne4 36. Bd5
Nf6 37. Bf3 Bd6 38. Rxc7 Bxc7 39. Bc6 Ng4 40. Bb5 Be5 41. h3
Nf6 42. f4 Bd4 43. Kf3 g5 44. Bc6 Kg6 45. b3 gxf4 46. Kxf4 h5
47. Bd6 Bf2 48. Kf3 Bd4 49. Bb5 Bc3 50. Bd3+ Kg7 51. Bc4 Nh7
52. h4 Nf6 53. Kf4 Nd7 54. Kf5 f6 55. Be2 Be5 56. Bxe5 Nxe5
57. Bxh5 Nd3 58. Bd1 b5 59. a4 bxa4 60. bxa4 Nc5 61. g4 Kf7
62. h5 Kg7 63. Bc2 Na6 64. h6+ Kxh6 65. Kxf6 Nc5 66. g5+ Kh5
67. Bd1+ Kh4 68. g6 Ne4+ 69. Ke5 1-0

[Event "32nd Benasque Open"]
[Site "Benasque ESP"]
[Date "2012.07.11"]
[EventDate "2012.07.05"]
[Round "7.1"]
[Result "1/2-1/2"]
[White "Ioan-Cristian Chirila"]
[Black "Gawain Jones"]
[WhiteElo "2504"]
[BlackElo "2655"]
[PlyCount "114"]

1. d4 Nf6 2. c4 g6 3. Nc3 Bg7 4. e4 d6 5. Nf3 O-O 6. h3 e5
7. d5 Nh5 8. g3 f5 9. exf5 gxf5 10. Ng5 Nf6 11. g4 Qe8 12. Bg2
e4 13. gxf5 Bxf5 14. Nb5 Na6 15. Nd4 Qg6 16. Nxf5 Qxf5 17. Ne6
Nc5 18. Nxc5 dxc5 19. Be3 Nh5 20. Qc2 Rae8 21. O-O-O Rf6
22. Rd2 Rb6 23. Qa4 Rf8 24. Bxc5 Qg5 25. Bxe4 Rxb2 26. Be3 Qe5
27. Rxb2 Qxb2+ 28. Kd1 Nf6 29. Bf3 Ne8 30. Bg2 Qb1+ 31. Kd2
Qg6 32. Bf1 Bh6 33. f4 Bxf4 34. Bxf4 Rxf4 35. Bd3 Qg2+ 36. Kc3
Qg7+ 37. Kb3 Nd6 38. Qxa7 b6 39. Rf1 Rxf1 40. Bxf1 Qg3+
41. Ka4 b5+ 42. cxb5 Qf4+ 43. Kb3 Qxf1 44. Qb8+ Qf8 45. Qxf8+
Kxf8 46. Kb4 Ke7 47. a4 Kd7 48. a5 Ne4 49. a6 Kc8 50. Kc4 Kb8
51. h4 h5 52. Kd4 Nd6 53. Kc5 Nc8 54. Kc6 Ne7+ 55. Kc5 Nc8
56. Kd4 Nd6 57. Kc5 Nc8 1/2-1/2

[Event "British Championships"]
[Site "North Shields ENG"]
[Date "2012.07.23"]
[EventDate "2012.07.23"]
[Round "1.1"]
[Result "0-1"]
[White "Peter S Poobalasingam"]
[Black "Gawain Jones"]
[WhiteElo "2263"]
[BlackElo "2655"]
[PlyCount "90"]

1. d4 Nf6 2. Nf3 g6 3. g3 Bg7 4. c4 O-O 5. Bg2 d6 6. O-O c6
7. Nc3 Qa5 8. e4 e5 9. Qc2 exd4 10. Nxd4 Na6 11. Bf4 Ng4
12. Nb3 Qh5 13. h3 Ne5 14. g4 Qh4 15. Bg3 Qe7 16. Nd1 g5
17. Ne3 Ng6 18. Rfd1 Nf4 19. Rd2 Nc5 20. Re1 Nxb3 21. Qxb3 Be5
22. Qc2 Qf6 23. c5 dxc5 24. Nc4 Be6 25. Nxe5 Qxe5 26. Red1 Kg7
27. Bf1 h5 28. Bxf4 gxf4 29. f3 Kf6 30. Rd6 Rh8 31. Bc4 hxg4
32. hxg4 Rh3 33. Bxe6 fxe6 34. Rd8 Rxd8 35. Rxd8 c4 36. Qf2 c3
37. bxc3 Qxc3 38. Kg2 Rg3+ 39. Kh2 Kg6 40. e5 Rxf3 41. Qh4
Qb2+ 42. Kg1 Rg3+ 43. Kf1 Qg2+ 44. Ke1 Re3+ 45. Kd1 Qe2+ 0-1

[Event "British Championships"]
[Site "North Shields ENG"]
[Date "2012.07.24"]
[EventDate "2012.07.23"]
[Round "2.1"]
[Result "1-0"]
[White "Gawain Jones"]
[Black "Terence P D Chapman"]
[WhiteElo "2655"]
[BlackElo "2290"]
[PlyCount "75"]

1. e4 c6 2. d4 d5 3. Nc3 dxe4 4. Nxe4 Bf5 5. Ng3 Bg6 6. h4 h6
7. Nf3 Nd7 8. h5 Bh7 9. Bd3 Bxd3 10. Qxd3 e6 11. Bd2 Ngf6
12. O-O-O Be7 13. Kb1 O-O 14. Ne4 Nxe4 15. Qxe4 Nf6 16. Qe2
Qd5 17. Be3 b5 18. Ne5 a5 19. g4 a4 20. g5 hxg5 21. h6 g6
22. h7+ Kh8 23. Bxg5 a3 24. b3 Ra7 25. f3 Bd8 26. Nxc6 Qxg5
27. Nxa7 b4 28. Qe5 Qxe5 29. dxe5 Nd5 30. Nb5 Be7 31. Rd3 Rb8
32. c4 bxc3 33. Nxc3 Nb6 34. Rd4 Rc8 35. Ne4 Nd5 36. Rc4 Rd8
37. Rc6 Bf8 38. Ng5 1-0

[Event "British Championships"]
[Site "North Shields ENG"]
[Date "2012.07.25"]
[EventDate "2012.07.23"]
[Round "3.1"]
[Result "0-1"]
[White "Keith Arkell"]
[Black "Gawain Jones"]
[WhiteElo "2441"]
[BlackElo "2655"]
[PlyCount "90"]

1. Nf3 Nf6 2. c4 b6 3. d4 Bb7 4. Nc3 e6 5. a3 Ne4 6. Nxe4 Bxe4
7. e3 c5 8. Bd3 Bxd3 9. Qxd3 Be7 10. d5 exd5 11. Qxd5 Nc6
12. e4 O-O 13. O-O Qc7 14. g3 d6 15. Bf4 Rad8 16. Rad1 Rfe8
17. Rfe1 Qc8 18. b3 h6 19. h4 Bf8 20. Qd3 a6 21. Kg2 Qe6
22. Bc1 Be7 23. Bb2 Bf6 24. Bxf6 Qxf6 25. Rd2 g6 26. Red1 Re6
27. Qd5 Rc8 28. h5 gxh5 29. Qxh5 Rce8 30. Qf5 Kg7 31. Qd5 Ne7
32. Qb7 Ng6 33. Qxa6 h5 34. Rh1 Rxe4 35. Qxb6 Qf5 36. Qxd6 Qg4
37. Ng1 R8e6 38. Qb8 Nf4+ 39. Qxf4 Rxf4 40. Rh4 Qxh4 41. gxh4
Rxh4 42. Ne2 Rg6+ 43. Kf3 Rh3+ 44. Ke4 Re6+ 45. Kd5 Rf3 0-1

[Event "British Championships"]
[Site "North Shields ENG"]
[Date "2012.07.26"]
[EventDate "2012.07.23"]
[Round "4.1"]
[Result "1-0"]
[White "Gawain Jones"]
[Black "Stephen Gordon"]
[WhiteElo "2655"]
[BlackElo "2539"]
[PlyCount "73"]

1. d4 Nf6 2. c4 e6 3. Nc3 Bb4 4. e3 c5 5. Ne2 cxd4 6. exd4 O-O
7. a3 Be7 8. Nf4 d6 9. Be3 e5 10. dxe5 dxe5 11. Nfd5 Nxd5
12. cxd5 Bg5 13. Bc5 Re8 14. Ne4 b6 15. Nxg5 Qxg5 16. Be3 Qg6
17. Qa4 Rd8 18. g3 Bb7 19. Rd1 Nd7 20. Bd3 Qh5 21. Be2 Qh3
22. Bf1 Qf5 23. Bd3 Qh3 24. Bf1 Qf5 25. Bd3 Qf3 26. Be4 Qh5
27. h4 Nf6 28. Bg5 b5 29. Qxb5 Nxe4 30. Bxd8 Rxd8 31. Qxb7 Qf3
32. Rh2 Nxg3 33. fxg3 Qxg3+ 34. Rf2 Qg1+ 35. Ke2 Qg4+ 36. Ke3
f5 37. Qb3 1-0

[Event "British Championships"]
[Site "North Shields ENG"]
[Date "2012.07.27"]
[EventDate "2012.07.23"]
[Round "5.1"]
[Result "1/2-1/2"]
[White "James P Holland"]
[Black "Gawain Jones"]
[WhiteElo "2200"]
[BlackElo "2655"]
[PlyCount "120"]

1. Nf3 Nf6 2. g3 b5 3. Bg2 Bb7 4. O-O e6 5. d4 d5 6. b3 Nbd7
7. Qd3 b4 8. c4 dxc4 9. Qxc4 c5 10. Nbd2 cxd4 11. Nxd4 Rc8
12. Qd3 Rc3 13. Qb1 Bxg2 14. Kxg2 Qa8+ 15. N4f3 g5 16. Kg1 g4
17. Nh4 Bg7 18. Bb2 O-O 19. a3 Rfc8 20. Ra2 Nc5 21. axb4 Nce4
22. Nxe4 Nxe4 23. Rxa7 Qxa7 24. Qxe4 Rxb3 25. Bxg7 Kxg7
26. Qxg4+ Kh8 27. Qe4 Qb8 28. Qd4+ Kg8 29. Qg4+ Kf8 30. Qh5
Rxb4 31. Qxh7 Qe5 32. Nf3 Qg7 33. Qxg7+ Kxg7 34. Kg2 Rc2
35. e3 Ra2 36. Nh4 f5 37. Nf3 Kf6 38. Ng1 Rb3 39. Re1 Rbb2
40. Nh3 e5 41. Rc1 Rb6 42. Kf3 Ra8 43. Kg2 Ra2 44. Kf3 Ra7
45. Kg2 Ra8 46. Rd1 Ke7 47. Rd5 Ke6 48. Rd1 Rb2 49. Ng5+ Ke7
50. Nh3 Raa2 51. Rd5 Ke6 52. Rd1 Re2 53. Kf1 Rec2 54. Kg2 Ra3
55. Kf1 Kf6 56. Rd6+ Ke7 57. Rd5 Ra1+ 58. Kg2 Ke6 59. Rd3 Re1
60. Ra3 Kf6 1/2-1/2

[Event "British Championships"]
[Site "North Shields ENG"]
[Date "2012.07.28"]
[EventDate "2012.07.23"]
[Round "6.1"]
[Result "1-0"]
[White "Gawain Jones"]
[Black "Matthew Turner"]
[WhiteElo "2655"]
[BlackElo "2508"]
[PlyCount "85"]

1. e4 e5 2. Nf3 Nf6 3. Nxe5 d6 4. Nf3 Nxe4 5. Nc3 Nf6 6. h3
Be7 7. d4 O-O 8. Bd3 Nc6 9. a3 Re8 10. O-O h6 11. Ne2 d5
12. b3 Be6 13. Nf4 Bd6 14. c4 Bxf4 15. Bxf4 Rc8 16. Re1 Qd7
17. Ne5 Nxe5 18. dxe5 dxc4 19. bxc4 Red8 20. Re3 Qd4 21. exf6
Qxf4 22. Rf3 Qh4 23. Qb1 b6 24. fxg7 Kxg7 25. Qb2+ Qd4 26. Qc1
Qh4 27. Qe3 Rd6 28. Rf4 Qg5 29. h4 Qc5 30. Qg3+ Kf8 31. Re1
Qxa3 32. Re3 Qa1+ 33. Kh2 Qg7 34. Qf3 Rcd8 35. Qe4 Ke7 36. Rg3
Qh8 37. Rgf3 Rf8 38. Qb7 Rd7 39. Qxa7 Qe5 40. Qa3+ c5 41. g3
Rfd8 42. Bf5 Kf8 43. Re3 1-0

[Event "British Championships"]
[Site "North Shields ENG"]
[Date "2012.07.30"]
[EventDate "2012.07.23"]
[Round "7.1"]
[Result "1/2-1/2"]
[White "David Howell"]
[Black "Gawain Jones"]
[WhiteElo "2620"]
[BlackElo "2655"]
[PlyCount "64"]

1. d4 Nf6 2. c4 e6 3. Nc3 Bb4 4. Qc2 O-O 5. a3 Bxc3+ 6. Qxc3
b5 7. cxb5 c6 8. Bg5 cxb5 9. e3 h6 10. Bh4 Bb7 11. Nf3 a6
12. Bd3 d6 13. O-O Nbd7 14. Bg3 Rc8 15. Qb4 Be4 16. Be2 Rc2
17. Rfe1 Nd5 18. Qxd6 Qc8 19. a4 Rxb2 20. Bf1 N7b6 21. axb5
axb5 22. Ne5 Nc4 23. Nxc4 bxc4 24. Rec1 Bc2 25. Qa3 c3 26. Ra2
Rxa2 27. Qxa2 Bg6 28. Qb3 Qa8 29. f3 Nxe3 30. Qxc3 Nxf1
31. Kxf1 Rd8 32. Kg1 Qd5 1/2-1/2

[Event "British Championships"]
[Site "North Shields ENG"]
[Date "2012.08.01"]
[EventDate "2012.07.23"]
[Round "8"]
[Result "1-0"]
[White "Gawain Jones"]
[Black "Jonathan Hawkins"]
[WhiteElo "2655"]
[BlackElo "2499"]
[PlyCount "89"]

1. d4 Nf6 2. c4 e6 3. Nc3 Bb4 4. e3 O-O 5. Nge2 d5 6. a3 Be7
7. cxd5 exd5 8. Nf4 c6 9. Bd3 Re8 10. O-O Bd6 11. f3 Qc7
12. Qd2 Bxf4 13. exf4 b6 14. b4 Ba6 15. b5 cxb5 16. Nxb5 Qd7
17. a4 Nc6 18. Rb1 Na5 19. f5 Nc4 20. Qf2 h6 21. g4 Nh7
22. Bf4 Na3 23. Rb3 Nc4 24. h4 Rac8 25. g5 h5 26. Kh2 Rc6
27. f6 g6 28. Rbb1 Nf8 29. Rfe1 Rxe1 30. Rxe1 Ne6 31. Bg3 Nd6
32. Re5 Nc4 33. Re2 Nd6 34. Re5 Nc4 35. Re2 Nd6 36. Qe1 Nf5
37. Bxf5 gxf5 38. Qb1 Rc4 39. Qxf5 Rxa4 40. g6 Bxb5 41. Qxh5
fxg6 42. Qxg6+ Kf8 43. Bf4 Nxf4 44. Re8+ Qxe8 45. Qg7# 1-0

[Event "British Championships"]
[Site "North Shields ENG"]
[Date "2012.08.02"]
[EventDate "2012.07.23"]
[Round "9"]
[Result "1/2-1/2"]
[White "Daniel Gormally"]
[Black "Gawain Jones"]
[WhiteElo "2505"]
[BlackElo "2655"]
[PlyCount "36"]

1. d4 Nf6 2. Nf3 e6 3. c4 c5 4. d5 d6 5. Nc3 exd5 6. cxd5 g6
7. e4 a6 8. h3 b5 9. Bd3 Bg7 10. O-O O-O 11. Bf4 Bb7 12. Re1
Re8 13. Qd2 Qb6 14. Bh6 Bh8 15. Ne2 Nbd7 16. Ng3 Rac8 17. Rac1
Qd8 18. b3 Ra8 1/2-1/2

[Event "British Championships (Playoff)"]
[Site "North Shields ENG"]
[Date "2012.08.04"]
[EventDate "2012.08.04"]
[Round "1"]
[Result "0-1"]
[White "Stephen Gordon"]
[Black "Gawain Jones"]
[WhiteElo "2539"]
[BlackElo "2653"]
[PlyCount "112"]

1. d4 Nf6 2. c4 g6 3. Nc3 Bg7 4. e4 d6 5. Nf3 O-O 6. Be2 e5
7. Be3 Nbd7 8. O-O c6 9. d5 c5 10. Ne1 Kh8 11. Kh1 Qe7 12. Qd2
Ng8 13. g3 f5 14. exf5 gxf5 15. Ng2 Ndf6 16. Rae1 Bd7 17. Bg5
Qf7 18. f4 e4 19. Nd1 b5 20. Nde3 Rab8 21. b3 b4 22. Qd1 Ne8
23. Bh5 Bc3 24. Bxf7 Rxf7 25. Re2 Ng7 26. Rc2 Bd4 27. h3 Nf6
28. g4 fxg4 29. hxg4 Rg8 30. f5 Ngh5 31. Bxf6+ Nxf6 32. Rf4
Rfg7 33. Rd2 Be5 34. Rdf2 Rg5 35. Kg1 Be8 36. Kf1 R8g7 37. Qc2
h5 38. Rxe4 Nxe4 39. Qxe4 hxg4 40. f6 Rh7 41. Ke2 Bg6 42. f7
Rxf7 43. Nf5 Rfxf5 44. Rxf5 Bxf5 45. Qe3 Rh5 46. Nf4 Rh2+
47. Kf1 Kh7 48. Ne6 Rh1+ 49. Kg2 Rh2+ 50. Kg1 Rh5 51. Kg2 g3
52. Ng5+ Kg7 53. Nf3 Bh3+ 54. Kg1 Rf5 55. Qe4 Rf4 56. Qd3 Rxf3
0-1

[Event "British Championships (Playoff)"]
[Site "North Shields ENG"]
[Date "2012.08.04"]
[EventDate "2012.08.04"]
[Round "2"]
[Result "1-0"]
[White "Gawain Jones"]
[Black "Stephen Gordon"]
[WhiteElo "2653"]
[BlackElo "2539"]
[PlyCount "79"]

1. e4 c5 2. Nf3 d6 3. Bb5+ Nd7 4. d4 cxd4 5. Qxd4 a6 6. Bxd7+
Bxd7 7. O-O Rc8 8. c4 Qc7 9. b3 b5 10. Na3 e5 11. Qd3 Qb7
12. Re1 Bc6 13. Nb1 Nf6 14. Nc3 b4 15. Nd5 Nxd5 16. exd5 Bd7
17. Bb2 f6 18. a3 Be7 19. axb4 O-O 20. Nd4 f5 21. Ne6 Rf6
22. c5 Bb5 23. Qf3 e4 24. c6 Bxc6 25. dxc6 Rxc6 26. Qh3 Rxe6
27. Qxf5 d5 28. Qxd5 e3 29. fxe3 h6 30. b5 axb5 31. Rac1 Kh7
32. Rxc6 Qxc6 33. Qxc6 Rxc6 34. Rc1 Re6 35. Bd4 Kg6 36. Kf2
Kf5 37. Bxg7 Ke4 38. Rd1 Bc5 39. Bd4 Bd6 40. g3 1-0

[Event "32nd Benasque Open"]
[Site "Benasque ESP"]
[Date "2012.07.05"]
[EventDate "2012.07.05"]
[Round "1.3"]
[Result "0-1"]
[White "Chopra Aryan"]
[Black "Gawain Jones"]
[WhiteElo "1985"]
[BlackElo "2655"]
[PlyCount "118"]

1. e4 e5 2. Nf3 Nc6 3. Bb5 a6 4. Ba4 Nf6 5. O-O Be7 6. Re1 b5
7. Bb3 d6 8. c3 O-O 9. d4 Bg4 10. Be3 Bh5 11. h3 exd4 12. cxd4
Na5 13. Bc2 Nc4 14. Bc1 d5 15. e5 Ne4 16. Rxe4 dxe4 17. Bxe4
Ra7 18. Nbd2 Nb6 19. Nf1 c5 20. Be3 Rd7 21. g4 cxd4 22. Nxd4
Bc5 23. Bxh7+ Kxh7 24. Qc2+ Bg6 25. Qxc5 Na4 26. Qa3 Re8
27. Nf3 Rd1 28. Rxd1 Qxd1 29. Kg2 Qd3 30. Qxd3 Bxd3 31. Bd4
Rc8 32. Ne3 Be4 33. Kg3 Bxf3 34. Kxf3 Nc5 35. Nf5 Ne6 36. Bc3
Ng5+ 37. Ke3 Nxh3 38. Nd6 Rc7 39. f4 g5 40. fxg5 Nxg5 41. Ne8
Rc4 42. Nf6+ Kg6 43. a3 Ne6 44. Ne4 Nc5 45. Nxc5 Rxc5 46. Kd4
Rc4+ 47. Kd5 Kg5 48. Kd6 Kxg4 49. Ke7 Rf4 50. e6 fxe6 51. Kxe6
Kf3 52. Kd5 Rc4 53. Ba5 Ke2 54. b3 Rc8 55. a4 Kd3 56. axb5
axb5 57. Bb4 Kc2 58. Ba5 Kd3 59. b4 Rc4 0-1

[Event "32nd Benasque Open"]
[Site "Benasque ESP"]
[Date "2012.07.06"]
[EventDate "2012.07.05"]
[Round "2.3"]
[Result "1-0"]
[White "Gawain Jones"]
[Black "Lee Gardner"]
[WhiteElo "2655"]
[BlackElo "2176"]
[PlyCount "47"]

1. e4 c5 2. Nf3 g6 3. Bc4 Bg7 4. c3 e6 5. d4 cxd4 6. cxd4 d5
7. exd5 exd5 8. Bb5+ Bd7 9. Bxd7+ Nxd7 10. O-O Ne7 11. Qb3 Nb6
12. Bg5 O-O 13. Nc3 f6 14. Bf4 Qd7 15. Ne4 Qf5 16. Bd6 Qxe4
17. Rfe1 Qf5 18. Rxe7 Rf7 19. Rxf7 Kxf7 20. Bc5 Qe6 21. Ne1
Rd8 22. Nc2 Rd7 23. Re1 Qc6 24. Nb4 1-0

[Event "32nd Benasque Open"]
[Site "Benasque ESP"]
[Date "2012.07.07"]
[EventDate "2012.07.05"]
[Round "3.3"]
[Result "0-1"]
[White "Christian Endre do Rego Toth"]
[Black "Gawain Jones"]
[WhiteElo "2354"]
[BlackElo "2655"]
[PlyCount "71"]

1. Nf3 Nf6 2. c4 g6 3. g3 Bg7 4. Bg2 O-O 5. d4 d6 6. O-O Nc6
7. Nc3 Rb8 8. h3 a6 9. e4 b5 10. cxb5 axb5 11. Re1 Nd7 12. Bg5
h6 13. Be3 Na5 14. b3 c5 15. Rc1 Bb7 16. dxc5 dxc5 17. Nxb5
Bxe4 18. Nc3 Bc6 19. Bf4 Rb7 20. Qe2 Qa8 21. Ne4 c4 22. bxc4
Rb2 23. Rc2 Rxc2 24. Qxc2 e5 25. Bc1 f5 26. Ned2 e4 27. Nh4
Ne5 28. Bb2 Kh7 29. Bxe5 Bxe5 30. Nxe4 fxe4 31. Bxe4 Bd4
32. Bd5 Bxf2+ 33. Qxf2 Rxf2 34. Re7+ Rf7 35. Rxf7+ Kg8 36. Be6
0-1

[Event "32nd Benasque Open"]
[Site "Benasque ESP"]
[Date "2012.07.08"]
[EventDate "2012.07.05"]
[Round "4.3"]
[Result "1-0"]
[White "Gawain Jones"]
[Black "Igor Naumkin"]
[WhiteElo "2655"]
[BlackElo "2463"]
[PlyCount "61"]

1. d4 Nf6 2. c4 e6 3. Nc3 Bb4 4. e3 c5 5. Ne2 d5 6. a3 Bxc3+
7. Nxc3 cxd4 8. exd4 dxc4 9. Bxc4 Nc6 10. Be3 O-O 11. O-O h6
12. Re1 Ne7 13. Qf3 Nf5 14. d5 Qc7 15. Ba2 exd5 16. Nxd5 Nxd5
17. Rac1 Qe5 18. Bc5 Qxb2 19. Bxd5 Rd8 20. Bb4 Qf6 21. Rc7 Be6
22. Bxb7 Rab8 23. Be4 Rb5 24. Rxa7 Qd4 25. Ra5 Nh4 26. Qc3 Qb6
27. Bc6 Bd5 28. Rxb5 Qxc6 29. Qxc6 Bxc6 30. Rc5 Bxg2 31. Rc4
1-0

[Event "32nd Benasque Open"]
[Site "Benasque ESP"]
[Date "2012.07.09"]
[EventDate "2012.07.05"]
[Round "5.2"]
[Result "0-1"]
[White "Renier Castellanos Rodriguez"]
[Black "Gawain Jones"]
[WhiteElo "2490"]
[BlackElo "2655"]
[PlyCount "102"]

1. e4 e5 2. Nf3 Nc6 3. Bb5 a6 4. Ba4 Nf6 5. O-O Be7 6. Re1 b5
7. Bb3 d6 8. c3 O-O 9. h3 Nb8 10. d4 Nbd7 11. Nbd2 Bb7 12. Bc2
c5 13. a4 Qc7 14. d5 c4 15. Nf1 Nc5 16. Ng3 g6 17. Bg5 Rfb8
18. Qd2 bxa4 19. Bxa4 Bc8 20. Ra2 Nxa4 21. Rxa4 Rb6 22. Be3
Rb7 23. Rea1 a5 24. Qe2 Bd7 25. R4a2 Bb5 26. Bg5 Bd8 27. Nd2
Nd7 28. Bxd8 Qxd8 29. Ngf1 a4 30. Ne3 Rc8 31. Nc2 Nc5 32. Nb4
Nb3 33. Rd1 f5 34. Qe3 f4 35. Qf3 h5 36. Qe2 Qf6 37. Nc6 Nc5
38. Nf3 g5 39. Nh2 Qf7 40. Nb4 Qh7 41. f3 Nd3 42. Nxd3 cxd3
43. Qf2 Rcb8 44. Rd2 Qd7 45. Ra1 Bc4 46. Kh1 Rb3 47. g3 a3
48. Rxa3 Rxa3 49. bxa3 Qxh3 50. Rb2 Rxb2 51. Qxb2 d2 0-1

[Event "32nd Benasque Open"]
[Site "Benasque ESP"]
[Date "2012.07.10"]
[EventDate "2012.07.05"]
[Round "6.1"]
[Result "1/2-1/2"]
[White "Gawain Jones"]
[Black "Mihail Marin"]
[WhiteElo "2655"]
[BlackElo "2548"]
[PlyCount "59"]

1. d4 e6 2. c4 Bb4+ 3. Nc3 c5 4. e3 Nc6 5. Ne2 cxd4 6. exd4 d5
7. a3 Bxc3+ 8. Nxc3 dxc4 9. Bxc4 Nf6 10. Be3 O-O 11. O-O b6
12. Qf3 Bb7 13. Bd3 Qd7 14. Qh3 Ne7 15. Bg5 Ng6 16. Bxf6 gxf6
17. Rad1 Rad8 18. Rfe1 Qc7 19. Bxg6 hxg6 20. Qh6 Qc6 21. d5
exd5 22. Rd4 Rfe8 23. Re3 Rxe3 24. fxe3 f5 25. Qg5 Re8 26. h4
Qe6 27. Kf2 Qe7 28. Qf4 Qe5 29. Qh6 Bc6 30. g3 1/2-1/2